[Event "CP-2008-Q-00009"]
[Site "LSS email"]
[Date "2010.01.10"]
[Round "?"]
[White "Carroll, Patrick J"]
[Black "Joensson, Paul E"]
[Result "1-0"]
[WhiteElo "2095"]
[BlackElo "1968"]
[PlyCount "31"]
[EventDate "2010.01.15"]
[EventType "tourn (corr)"]
[EventRounds "6"]
[EventCountry "GER"]
[SourceTitle "Corr 2013"]
[Source "ChessBase"]
[SourceDate "2012.11.12"]
[SourceVersion "1"]
[SourceVersionDate "2012.11.12"]
[SourceQuality "1"]

1. e4 c5 2. Nf3 g6 3. d4 cxd4 4. Nxd4 Nc6 5. Nc3 Bg7 6. Be3 Nf6 7. Bc4 0-0 8. Bb3 a5 9. 0-0 a4 10. Nxa4 Nxe4 11. Nb5 Ra6 12. Qe2 Na5 13. Rfd1 Nf6 14. c4 Nxb3 15. axb3 d6 16. f3 1-0

[Event "LSS SA-2009-0-00103"]
[Site "LSS email"]
[Date "2009.12.20"]
[Round "?"]
[White "Correa de Almeida, Claudio"]
[Black "Joensson, Paul E"]
[Result "1-0"]
[WhiteElo "1747"]
[BlackElo "1970"]
[PlyCount "51"]
[EventDate "2009.11.24"]
[EventType "tourn (corr)"]
[EventRounds "6"]
[EventCountry "GER"]
[SourceTitle "Corr 2013"]
[Source "ChessBase"]
[SourceDate "2012.11.12"]
[SourceVersion "1"]
[SourceVersionDate "2012.11.12"]
[SourceQuality "1"]
[WhiteTeam "US of America"]
[BlackTeam "US of America"]
[WhiteTeamCountry "USA"]
[BlackTeamCountry "USA"]

1. e4 c5 2. Nf3 g6 3. d4 cxd4 4. Nxd4 Nc6 5. Nc3 Bg7 6. Be3 Nf6 7. Bc4 0-0 8. Bb3 a5 9. f3 d5 10. Bxd5 Nxd5 11. exd5 Nb4 12. Nde2 e6 13. 0-0 Nxd5 14. Nxd5 Qxd5 15. Qxd5 exd5 16. c3 Re8 17. Kf2 b5 18. Nf4 Be6 19. Rfd1 b4 20. Nxd5 Reb8 21. c4 Bxb2 22. Rab1 Bg7 23. h4 h5 24. g3 Rb7 25. c5 Rc8 26. Nb6 1-0

[Event "LSS SA-2009-0-00103"]
[Site "LSS email"]
[Date "2009.12.20"]
[Round "?"]
[White "Herzog, Klaus"]
[Black "Joensson, Paul E"]
[Result "1-0"]
[WhiteElo "1807"]
[BlackElo "1970"]
[PlyCount "35"]
[EventDate "2009.11.24"]
[EventType "tourn (corr)"]
[EventRounds "6"]
[EventCountry "GER"]
[SourceTitle "Corr 2013"]
[Source "ChessBase"]
[SourceDate "2012.11.12"]
[SourceVersion "1"]
[SourceVersionDate "2012.11.12"]
[SourceQuality "1"]
[WhiteTeam "US of America"]
[BlackTeam "US of America"]
[WhiteTeamCountry "USA"]
[BlackTeamCountry "USA"]

1. d4 Nf6 2. c4 e6 3. Nc3 Bb4 4. f3 d5 5. a3 Be7 6. e4 dxe4 7. fxe4 e5 8. d5 Bc5 9. Nf3 Bg4 10. h3 Bxf3 11. Qxf3 Nbd7 12. Bd2 0-0 13. 0-0-0 a5 14. Kb1 Ne8 15. h4 Nd6 16. Bd3 Qe7 17. g4 Bd4 18. h5 1-0

[Event "LSS SA-2009-0-00103"]
[Site "LSS email"]
[Date "2009.12.20"]
[Round "?"]
[White "Joensson, Paul E"]
[Black "Kroes, Friso"]
[Result "0-1"]
[WhiteElo "1970"]
[BlackElo "1997"]
[PlyCount "78"]
[EventDate "2009.11.24"]
[EventType "tourn (corr)"]
[EventRounds "6"]
[EventCountry "GER"]
[SourceTitle "Corr 2013"]
[Source "ChessBase"]
[SourceDate "2012.11.12"]
[SourceVersion "1"]
[SourceVersionDate "2012.11.12"]
[SourceQuality "1"]
[WhiteTeam "US of America"]
[BlackTeam "US of America"]
[WhiteTeamCountry "USA"]
[BlackTeamCountry "USA"]

1. e4 c5 2. Nc3 Nc6 3. f4 g6 4. Nf3 Bg7 5. Bb5 Nd4 6. 0-0 a6 7. Bc4 b5 8. Bd5 Rb8 9. d3 e6 10. Bb3 Ne7 11. Nxd4 Bxd4+ 12. Kh1 d5 13. f5 gxf5 14. exd5 exd5 15. Ne2 Bf6 16. c3 0-0 17. d4 c4 18. Bc2 Rb6 19. Ng3 Bg7 20. Qh5 b4 21. Bg5 f6 22. Bd2 bxc3 23. Bxc3 Qe8 24. Qf3 Qf7 25. Rae1 Kh8 26. Re2 Rg8 27. Qh5 Rf8 28. h3 Qxh5 29. Nxh5 Rf7 30. Rfe1 Bf8 31. Ba4 Kg8 32. Be8 Ng6 33. b3 Re7 34. bxc4 dxc4 35. d5 Rxe2 36. Rxe2 Ne5 37. Nxf6+ Rxf6 38. Bxe5 Rb6 39. Bc6 Kf7 0-1

[Event "LSS SA-2009-0-00103"]
[Site "LSS email"]
[Date "2009.12.20"]
[Round "?"]
[White "Joensson, Paul E"]
[Black "Vorobiev, Alexandr Vladimirov"]
[Result "0-1"]
[WhiteElo "1970"]
[BlackElo "1977"]
[PlyCount "44"]
[EventDate "2009.11.24"]
[EventType "tourn (corr)"]
[EventRounds "6"]
[EventCountry "GER"]
[SourceTitle "Corr 2013"]
[Source "ChessBase"]
[SourceDate "2012.11.12"]
[SourceVersion "1"]
[SourceVersionDate "2012.11.12"]
[SourceQuality "1"]
[WhiteTeam "US of America"]
[BlackTeam "US of America"]
[WhiteTeamCountry "USA"]
[BlackTeamCountry "USA"]

1. e4 e5 2. Nf3 Nc6 3. d4 exd4 4. Bc4 Bc5 5. c3 Nf6 6. cxd4 Bb4+ 7. Bd2 Nxe4 8. Bxb4 Nxb4 9. Bxf7+ Kxf7 10. Qb3+ d5 11. Qxb4 Rf8 12. 0-0 Kg8 13. Qb3 c6 14. Re1 Bf5 15. Nc3 Nd6 16. Ne5 Qh4 17. Qb4 Rf6 18. Nf3 Qh6 19. Ne5 Raf8 20. f3 Qh4 21. g3 Qh5 22. Re3 Bh3 0-1

[Event "LSS CP-2008-P-00040"]
[Site "LSS email"]
[Date "2008.10.01"]
[Round "?"]
[White "MacLean, Thayne Douglas"]
[Black "Joensson, Paul E"]
[Result "0-1"]
[WhiteElo "1022"]
[BlackElo "2031"]
[PlyCount "70"]
[EventDate "2008.10.01"]
[EventType "tourn (corr)"]
[EventRounds "6"]
[EventCountry "GER"]
[SourceTitle "Corr 2011"]
[Source "ChessBase"]
[SourceDate "2010.08.31"]
[SourceVersion "1"]
[SourceVersionDate "2010.08.31"]
[SourceQuality "1"]

1. e4 c5 2. g3 g6 3. Bg2 Nc6 4. Nf3 Bg7 5. 0-0 Nf6 6. Nc3 0-0 7. b3 Nxe4 8. Bb2 d5 9. Rb1 Nxc3 10. dxc3 e5 11. Nd2 Bf5 12. Ra1 e4 13. a4 Qa5 14. Ra2 Bxc3 15. Bxc3 Qxc3 16. Nb1 Qg7 17. Qxd5 Nb4 18. Qxb7 Qe5 19. Ra3 Rfb8 20. Qc6 Nxc6 21. Nd2 Nb4 22. Nc4 Qf6 23. Ne3 Qb2 24. Raa1 Re8 25. Rac1 Rad8 26. Nc4 Qa2 27. Ne3 Qb2 28. Nc4 Qf6 29. h3 Be6 30. Rfe1 Bxc4 31. bxc4 Rd2 32. Rf1 Nxc2 33. h4 e3 34. fxe3 Rxg2+ 35. Kxg2 Nxe3+ 0-1

[Event "IECG CA.2004.0.00137 email"]
[Site "IECG email"]
[Date "2004.10.10"]
[Round "?"]
[White "Joensson, Paul E"]
[Black "Vieira, Fernando Fons A"]
[Result "1-0"]
[WhiteElo "2031"]
[BlackElo "2051"]
[PlyCount "43"]
[EventDate "2004.10.10"]
[EventType "tourn (corr)"]
[EventRounds "6"]
[SourceTitle "Corr 2008"]
[Source "ChessBase"]
[SourceDate "2008.06.24"]
[SourceVersion "1"]
[SourceVersionDate "2008.06.24"]
[SourceQuality "1"]

1. e4 e5 2. Bc4 Nf6 3. d3 c6 4. Nf3 Be7 5. 0-0 d6 6. Re1 0-0 7. Nbd2 Bg4 8. h3 Bh5 9. Nf1 d5 10. exd5 cxd5 11. Bb3 Nc6 12. g4 Bg6 13. Nxe5 Nxe5 14. Rxe5 d4 15. h4 Bd6 16. Rg5 Kh8 17. h5 h6 18. hxg6 hxg5 19. gxf7 Qd7 20. Bxg5 Qxg4+ 21. Qxg4 Nxg4 22. Nd2 1-0

[Event "IECG TE.2002.P.01110 email"]
[Site "IECG email"]
[Date "2002.12.30"]
[Round "?"]
[White "Joensson, Paul E"]
[Black "Van Seben, Edgar"]
[Result "1/2-1/2"]
[WhiteElo "1600"]
[BlackElo "2103"]
[PlyCount "85"]
[EventDate "2002.12.30"]
[EventType "tourn (corr)"]
[EventRounds "12"]
[SourceTitle "Corr 2008"]
[Source "ChessBase"]
[SourceDate "2008.06.24"]
[SourceVersion "1"]
[SourceVersionDate "2008.06.24"]
[SourceQuality "1"]

1. d4 Nf6 2. c4 c5 3. d5 e6 4. g3 exd5 5. cxd5 Bd6 6. Nc3 0-0 7. Bg2 Re8 8. Nf3 Bc7 9. d6 Ba5 10. Nd2 Qb6 11. Nc4 Bxc3+ 12. bxc3 Qa6 13. Qd3 Nc6 14. Bg5 Na5 15. Ne5 c4 16. Qf5 Qxd6 17. Bxf6 Qxf6 18. Qxf6 gxf6 19. Ng4 Kg7 20. Ne3 Rb8 21. Nf5+ Kg8 22. Nd6 Re7 23. Rd1 b5 24. Rg1 Bb7 25. Nf5 Re5 26. g4 Bxg2 27. Rxg2 Rb7 28. f4 Re6 29. e3 Nc6 30. Rgd2 Ne7 31. Nd6 Rb6 32. Kf2 b4 33. Nxc4 Rbc6 34. f5 Re4 35. Nd6 Rxg4 36. h3 Rh4 37. cxb4 Rxh3 38. Re2 Rh2+ 39. Kf3 Rxe2 40. Kxe2 Rc2+ 41. Rd2 Rxd2+ 42. Kxd2 h5 43. e4 1/2-1/2

[Event "IECG TE.2002.P.01110 email"]
[Site "IECG email"]
[Date "2002.12.30"]
[Round "?"]
[White "Pott, Brian"]
[Black "Joensson, Paul E"]
[Result "0-1"]
[WhiteElo "1359"]
[BlackElo "1600"]
[PlyCount "80"]
[EventDate "2002.12.30"]
[EventType "tourn (corr)"]
[EventRounds "12"]
[SourceTitle "Corr 2008"]
[Source "ChessBase"]
[SourceDate "2008.06.24"]
[SourceVersion "1"]
[SourceVersionDate "2008.06.24"]
[SourceQuality "1"]

1. d4 Nf6 2. c4 c5 3. d5 e6 4. Nc3 exd5 5. cxd5 d6 6. e4 g6 7. f4 Bg7 8. Bb5+ Nfd7 9. a4 0-0 10. Nf3 Na6 11. 0-0 Nc7 12. Bc4 a6 13. Re1 Re8 14. e5 Nb6 15. Bb3 Bg4 16. a5 Nd7 17. Ne4 dxe5 18. Nd6 Rf8 19. Nxb7 Qb8 20. Nd6 Nb5 21. Nxb5 axb5 22. h3 Bxf3 23. Qxf3 c4 24. Bc2 Rxa5 25. Rxa5 Qb6+ 26. Qf2 Qxa5 27. f5 Qb4 28. Rd1 Ra8 29. g4 Bf8 30. Kg2 Bc5 31. Qf3 Ra1 32. fxg6 fxg6 33. Qe2 Kh8 34. Rf1 Bd4 35. Be4 Nf6 36. Rxf6 Rxc1 37. Rc6 Qb3 38. Rc8+ Kg7 39. Rc7+ Kg8 40. Rc8+ Kf7 0-1